ՀՀ Գիտությունների ազգային ակադեմիայի հիմնարար գիտական գրադարան  =   Fundamental Scientific Library of NAS RA

Արշակ Չօպանեան : (Record no. 115914)

MARC details
000 -LEADER
fixed length control field 01075nam a2200205 a 4500
003 - CONTROL NUMBER IDENTIFIER
control field AM-YeHGA
005 - DATE AND TIME OF LATEST TRANSACTION
control field 20250618072008.0
008 - FIXED-LENGTH DATA ELEMENTS--GENERAL INFORMATION
fixed length control field 040226s1938 ai 000 | arm d
040 ## - CATALOGING SOURCE
Original cataloging agency AM-YeHGA
041 0# - LANGUAGE CODE
Language code of text/sound track or separate title arm
090 ## - LOCALLY ASSIGNED LC-TYPE CALL NUMBER (OCLC); LOCAL CALL NUMBER (RLIN)
-- 117259
245 10 - TITLE STATEMENT
Title Արշակ Չօպանեան :
Remainder of title Կենսագրական եւ մատենագրական նօթեր /
Statement of responsibility, etc. Գ. Ֆէնէրճեան; Ա. Չօպանեանի գրական յիսնամեայ յոբելեանի կեդրոնական յանձնաժողով.
260 ## - PUBLICATION, DISTRIBUTION, ETC.
Place of publication, distribution, etc. Փարիզ :
Name of publisher, distributor, etc. տպ. Խ. Մաթիկեան,
Date of publication, distribution, etc. 1938.
300 ## - PHYSICAL DESCRIPTION
Extent 110 էջ :
Other physical details դիմանկ. ;
Dimensions 25 սմ.
600 14 - SUBJECT ADDED ENTRY--PERSONAL NAME
Personal name Չոպանյան, Արշակ Հովհաննեսի,
Dates associated with a name 1872-1954
9 (RLIN) 1485
650 14 - SUBJECT ADDED ENTRY--TOPICAL TERM
Topical term or geographic name entry element Հայ գրողների կյանքն ու գործունեությունը
9 (RLIN) 4515
710 2# - ADDED ENTRY--CORPORATE NAME
Corporate name or jurisdiction name as entry element Ա. Չօպանեանի գրական յիսնամեայ յոբելեանի կեդրոնական յանձնաժողով.
856 4# - ELECTRONIC LOCATION AND ACCESS
Uniform Resource Identifier <a href="http://greenstone.flib.sci.am/gsdl/collect/opac/books/chopanean_kensagrakan_1938.pdf">http://greenstone.flib.sci.am/gsdl/collect/opac/books/chopanean_kensagrakan_1938.pdf</a>
Link text Կարդալ առցանց
Materials specified
942 ## - ADDED ENTRY ELEMENTS (KOHA)
Source of classification or shelving scheme Universal Decimal Classification
Koha item type Գրքեր / Books
Holdings
Withdrawn status Lost status Damaged status Not for loan Collection Home library Current library Date acquired Total checkouts Full call number Barcode Date last seen Price effective from Koha item type Public note Source of classification or shelving scheme
        General Fundamental Scientific Library Fundamental Scientific Library 22/12/2016   AII/49071 220049071 22/12/2016 22/12/2016 Գրքեր / Books 30 Days Loan  
        Pogharian Individual Collection Fundamental Scientific Library Fundamental Scientific Library 22/12/2016   Պող/484 FL0313386 22/12/2016 22/12/2016 Գրքեր / Books ILL Non-Circ. Universal Decimal Classification


ՀՀ ԳԱԱ հիմնարար գիտական գրադարան
ՀՀ,Երևան 0019
Մարշալ Բաղրամյան 24/6
հեռախոս:(374-10) 52-47-50
Հետադարձ կապ

All site content, except where otherwise noted, is licensed under a
Creative Commons License